Rappeurs ayant participés au projet de Jul "13 organisé" - Statistiques

Statistiques générales
  • Ce quiz a été pris 239 fois
  • Le résultat moyen est 14 sur 50
Statistiques - réponses
Réponse % Correct
Sch
91%
Jul
90%
Naps
85%
Kofs
84%
Soso Maness
83%
Alonzo
64%
Elams
64%
Houari
55%
Solda
49%
L'algerino
46%
Le Rat Luciano
44%
Soprano
43%
Akhenaton
39%
Moubarak
36%
Shurik'n
26%
Thabiti
26%
Kamikaz
22%
100 Blaze
21%
Graya
21%
Saf
20%
Zbig
20%
As
19%
Keny Arkana
19%
Sysa
18%
Veazy
18%
AM La Scampia
16%
Fahar
16%
Vincenzo
16%
Bil-K
15%
Stone Black
14%
A-Deal
13%
Don Choa
13%
Drime
13%
Moh
13%
Sat L'Artificier
13%
Dadinho
11%
Djiha
9%
Friz
9%
Kara
9%
Many
9%
Menzo
9%
Oussagaza
9%
Sauzer
9%
Tonyno
8%
2Bang
7%
Zak et Diego
7%
Banguiz
6%
Johnson
6%
Daz
2%
Youzi
2%
Aucun quiz correspondant
Distribution des résultats
% des personnes avec chaque résultat
Percentile par nombre de réponses
Votre historique - résultats
Vous n’avez pas pris ce quiz